| 000 | 00417nam a2200145 i 4500 | ||
|---|---|---|---|
| 001 | 95702 | ||
| 003 | ES-MaACL | ||
| 007 | t| | ||
| 008 | 050602s1981 sp ||||1| spa d | ||
| 100 | 1 |
_aLlorens Castillo, Carlos. _972889 |
|
| 245 | 1 | 0 |
_aAntiEurocomunismo _b: sobre el Xº Congreso del PCE. |
| 260 |
_aValencia : _b[s.n.], _c1981 ( _fImp. Romeu) |
||
| 300 |
_a231 p. ; _c22 cm. |
||
| 852 |
_aES-MaACL _jL-3704 _bR.104722 |
||
| 999 |
_c95702 _d95702 |
||